Jalalli vat: Father Valeriyan Soj (SJ); jivan charitra. (Record no. 214019)
[ view plain ]
| 000 -LEADER | |
|---|---|
| fixed length control field | 00991nam a2200229Ia 4500 |
| 003 - CONTROL NUMBER IDENTIFIER | |
| control field | OSt |
| 005 - DATE AND TIME OF LATEST TRANSACTION | |
| control field | 20241119110307.0 |
| 008 - FIXED-LENGTH DATA ELEMENTS--GENERAL INFORMATION | |
| fixed length control field | 210719s2006 xx 000 0 und d |
| 040 ## - CATALOGING SOURCE | |
| Transcribing agency | AL |
| 041 ## - LANGUAGE CODE | |
| Language code of text/sound track or separate title | Konkani |
| 082 ## - DEWEY DECIMAL CLASSIFICATION NUMBER | |
| Classification number | 891.468 REGJ |
| 100 ## - MAIN ENTRY--PERSONAL NAME | |
| Personal name | REGO (Gladys) |
| 9 (RLIN) | 168611 |
| Dates associated with a name | ಗ್ಲೇಡಿಸ್ ರೇಗೊ |
| 245 ## - TITLE STATEMENT | |
| Title | Jalalli vat: Father Valeriyan Soj (SJ); jivan charitra. |
| Remainder of title | ಜಳ್ ಲ್ಲಿ ವಾತ್: ಫಾ ವಲೇರಿಯನ್ ಸೊಜ್ (ಜೆ.ಸ) ಜೀವನ್ ಚರಿತ್ರಾ |
| 260 ## - PUBLICATION, DISTRIBUTION, ETC. | |
| Place of publication, distribution, etc. | Mangalore |
| Name of publisher, distributor, etc. | Institute of Konkani St Aloysius College ಕೊಂಕಣಿ ಸಂಸ್ಥೊ ಸಾಂತ್ ಲುವಿಸ್ ಕೊಲೆಜ್ |
| Date of publication, distribution, etc. | 2006 |
| 300 ## - PHYSICAL DESCRIPTION | |
| Extent | viii,159 |
| Other physical details | PB |
| 365 ## - TRADE PRICE | |
| Price amount | 50 |
| Currency code | Rs |
| 650 ## - SUBJECT ADDED ENTRY--TOPICAL TERM | |
| Topical term or geographic name entry element | Konkani Miscellaneous |
| 9 (RLIN) | 168612 |
| 650 ## - SUBJECT ADDED ENTRY--TOPICAL TERM | |
| Topical term or geographic name entry element | Biography |
| 9 (RLIN) | 168651 |
| 650 ## - SUBJECT ADDED ENTRY--TOPICAL TERM | |
| Topical term or geographic name entry element | ಜೀವನ್ ಚರಿತ್ರಾ /A life history of Fr. Valerian D’Souza |
| 9 (RLIN) | 168666 |
| 906 ## - LOCAL DATA ELEMENT F, LDF (RLIN) | |
| a | Valeriyan Souza (S J) |
| 942 ## - ADDED ENTRY ELEMENTS (KOHA) | |
| Source of classification or shelving scheme | Dewey Decimal Classification |
| Koha item type | Book |
| Withdrawn status | Lost status | Damaged status | Not for loan | Collection code | Home library | Current library | Date acquired | Source of acquisition | Cost, normal purchase price | Total Checkouts | Full call number | Barcode | Date last seen | Price effective from | Koha item type |
|---|---|---|---|---|---|---|---|---|---|---|---|---|---|---|---|
| St Aloysius Library | St Aloysius Library | 04/10/2006 | Konkani Samstho, Manglur | 50.00 | 891.468 REGJ | D02628 | 07/19/2021 | 07/19/2021 | Donated Books | ||||||
| St Aloysius Library | St Aloysius Library | 08/27/2007 | Konkani Samstho, Manglur | General Annual | 50.00 | 891.468 REGJ | D02998 | 07/19/2021 | 07/19/2021 | Donated Books |